Geschichte des russischen Reiches Dritter Band

Bibliographic Details
Main Author: Karamzin, Nikolaj Michajlovič, 1766-1826 (Author)
Other Authors: Hirschfeld, Joachim Bernhard (Printer)
Format: Book
Language:German
PhysicalDescription:XII, 332 [3] s., 21 cm
Published: Riga bei C.J.G. Hartmann 1823
Subjects:

MARC

LEADER 00000nam a2200000 a 4500
001 vtls010651677
003 SK-MaSNL
005 20260301175209.0
008 251112 1823 xo 001 0 ger
035 |a 24F0EB19-FF86-49C4-B41D-71FC01E74D9C 
035 |a urn:nbn:sk:snk-amyfy4 
035 |a urn:nbn:sk:snk-am00cmdn 
040 |a SNK  |b slo  |c SNK  |e AACR2 
041 |a ger 
044 |a gw  |c DE 
072 7 |a 94(100)"04/ ..."  |x Dejiny stredoveku a novoveku (všeobecne)  |2 konspekt 
080 |a 93/94  |2 2001 
080 |a 94"04/14"  |2 2001 
080 |a (470+571)  |2 2001 
100 1 |a Karamzin, Nikolaj Michajlovič,  |d 1766-1826  |4 aut  |9 299178 
245 1 0 |a Geschichte des russischen Reiches  |n Dritter Band  |c von Karamsin 
260 |a Riga  |b bei C.J.G. Hartmann  |c 1823 
300 |a XII, 332 [3] s.,  |c 21 cm 
508 |a Predslov prekladateľa 
546 |a Nemčina  |b Fraktura 
561 |a Okrúhla pečiatka: Dar Martina Hamuljaka Matici slovenskej.  |5 SNK IC 1841/3 
561 |a Okrúhla pečiatka: Nyitravármegyei Muzeum 1900.  |5 SNK IC 1841/3 
561 |a Okrúhla pečiatka: Knižnica Matice slovenskej.  |5 SNK IC 1841/3 
650 0 7 |a dejiny  |2 SNKPH  |9 3825 
650 0 7 |a stredovek  |2 SNKPH  |9 4259 
651 7 |a Rusko  |2 SNKPH  |9 17250 
700 1 |a Hirschfeld, Joachim Bernhard  |4 prt  |9 419403 
700 1 |a Hamuljak, Martin,  |d 1789-1859  |4 own  |4 fmo  |9 79936 
700 1 |a Hartmann, C.J.G.  |4 pbl  |9 419404 
752 |a Nemecko  |d Leipzig 
752 |a Lotyšsko  |d Riga 
852 |a snk  |b Historické fondy  |p IC 1841/3 
958 |a ONDV 
999 |c 842018  |d 843948 
952 |t Ham 747  |a SNK  |b SNK  |c SNK_HF  |y PREZ  |7 0  |p 17A1127101  |o snkIC 1841/3  |i snk 955/42  |8 5  |0 0  |1 0  |4 0  |d 2015-02-03  |f 1  |l 0  |r 2026-02-24 04:14:59  |w 2026-02-24